Beauty and the beast : (Record no. 111099)
[ view plain ]
| 000 -LEADER | |
|---|---|
| fixed length control field | 00569nam a2200193 a 4500 |
| 001 - CONTROL NUMBER | |
| control field | 0409 |
| 005 - DATE AND TIME OF LATEST TRANSACTION | |
| control field | 20140414131909.0 |
| 008 - FIXED-LENGTH DATA ELEMENTS--GENERAL INFORMATION | |
| fixed length control field | 040128s19uu xx 00 eng d |
| 020 ## - INTERNATIONAL STANDARD BOOK NUMBER | |
| International Standard Book Number | 0-307-30120-6 |
| 050 ## - LIBRARY OF CONGRESS CALL NUMBER | |
| Classification number | ER |
| Item number | B38 1997 |
| 100 ## - MAIN ENTRY--PERSONAL NAME | |
| Personal name | Korman , Justine |
| 245 #0 - TITLE STATEMENT | |
| Title | Beauty and the beast : |
| Remainder of title | the teapot's tale / |
| Statement of responsibility, etc | adapted by Justine Korman ; illustrated by Peter Emslie and Darren Hunt. |
| 260 ## - PUBLICATION, DISTRIBUTION, ETC. (IMPRINT) | |
| Place of publication, distribution, etc | New York : |
| Name of publisher, distributor, etc | A Golden Book, |
| Date of publication, distribution, etc | 1997. |
| 300 ## - PHYSICAL DESCRIPTION | |
| Extent | p. ; cm. |
| 440 ## - SERIES STATEMENT/ADDED ENTRY--TITLE | |
| Title | Disney's |
| 650 ## - SUBJECT ADDED ENTRY--TOPICAL TERM | |
| Topical term or geographic name as entry element | Folktales. |
| 650 ## - SUBJECT ADDED ENTRY--TOPICAL TERM | |
| Topical term or geographic name as entry element | Children stories. |
| Withdrawn status | Lost status | Damaged status | Use restrictions | Home library | Current library | Shelving location | Date acquired | Source of acquisition | Total Checkouts | Full call number | Barcode | Date last seen | Price effective from | Koha item type |
|---|---|---|---|---|---|---|---|---|---|---|---|---|---|---|
| Munich Library | Munich Library | Easy Reading Section | 08/10/2005 | ER B38 1997 | M1665 | 04/14/2014 | 04/14/2014 | Books |